[Event "FRA-chT2 0910"]
[Site "France"]
[Date "2009.11.22"]
[Round "4.1"]
[White "Coursaget, Nicolas"]
[Black "Jessel, Stephen"]
[Result "1-0"]
[WhiteElo "2311"]
[BlackElo "2293"]
[PlyCount "151"]
[EventDate "2009.09.27"]
[EventType "team-tourn"]
[EventRounds "11"]
[EventCountry "FRA"]
[SourceTitle "EXT 2011"]
[Source "ChessBase"]
[SourceDate "2010.11.26"]
[SourceVersion "1"]
[SourceVersionDate "2010.11.26"]
[SourceQuality "1"]

1. d4 d5 2. Nf3 e6 3. c4 c6 4. cxd5 exd5 5. Nc3 Nf6 6. Bg5 Be7 7. e3 0-0 8. Bd3 Nbd7 9. Qc2 Re8 10. 0-0-0 Nf8 11. h3 Be6 12. g4 Qa5 13. Bxf6 Bxf6 14. Kb1 c5 15. g5 Be7 16. dxc5 Rac8 17. Nd4 Bxc5 18. Nb3 Qb4 19. Qd2 Bb6 20. f4 Bd7 21. Rhe1 Bc6 22. h4 a5 23. Bc2 a4 24. a3 Qc4 25. Nd4 Ba5 26. Qd3 Bd7 27. Nde2 Bg4 28. Qxc4 dxc4 29. Rd5 Bc7 30. Nd4 Bxf4 31. Bf5 Bxf5+ 32. Nxf5 Bb8 33. Nxa4 g6 34. Nh6+ Kg7 35. Nb6 Rc6 36. Nd7 Nxd7 37. Rxd7 Rc7 38. Red1 Rxd7 39. Rxd7 Rf8 40. Kc2 Bg3 41. Rd4 b5 42. a4 bxa4 43. Rxc4 Ra8 44. Rg4 Bh2 45. Re4 Bg3 46. Kd3 Bd6 47. Rd4 Be5 48. Rb4 Ra7 49. Ke2 Bd6 50. Rd4 Bf8 51. Kf3 f6 52. Rd8 fxg5 53. hxg5 Ra5 54. Rd7+ Kh8 55. e4 a3 56. bxa3 Rxa3+ 57. Kf4 Bxh6 58. gxh6 Kg8 59. e5 Ra6 60. Rd8+ Kf7 61. Rh8 Ke6 62. Rxh7 Ra1 63. Rh8 Rf1+ 64. Ke4 Rh1 65. Kf3 Kf7 66. Kf4 Rh5 67. h7 Kg7 68. e6 Rf5+ 69. Ke4 Rf1 70. Rb8 Kxh7 71. Ke5 Kg7 72. e7 Re1+ 73. Kd6 Rd1+ 74. Kc5 Rc1+ 75. Kd4 Rd1+ 76. Kc3 1-0

[Event "FRA-chT2 0910"]
[Site "France"]
[Date "2009.10.18"]
[Round "3.2"]
[White "Coursaget, Nicolas"]
[Black "Lejarre, Ludovic"]
[Result "1-0"]
[WhiteElo "2311"]
[BlackElo "2386"]
[PlyCount "73"]
[EventDate "2009.09.27"]
[EventType "team-tourn"]
[EventRounds "11"]
[EventCountry "FRA"]
[SourceTitle "EXT 2011"]
[Source "ChessBase"]
[SourceDate "2010.11.26"]
[SourceVersion "1"]
[SourceVersionDate "2010.11.26"]
[SourceQuality "1"]

1. d4 Nf6 2. c4 g6 3. Nc3 Bg7 4. e4 d6 5. Nf3 0-0 6. h3 Na6 7. Be3 e5 8. Qd2 Qe7 9. Bd3 exd4 10. Nxd4 Nc5 11. f3 Nxd3+ 12. Qxd3 a6 13. 0-0 Bd7 14. Rae1 c5 15. Nde2 Bc6 16. Rd1 Rfd8 17. a4 Qe5 18. Bf4 Qh5 19. Qe3 Ne8 20. g4 Qh4 21. Bg5 Qxh3 22. Rf2 Be5 23. Nf4 Qg3+ 24. Rg2 Bd4 25. Rxd4 cxd4 26. Qe2 Qxg2+ 27. Nxg2 f6 28. Bd2 dxc3 29. Bxc3 Bxa4 30. Qd2 Bc6 31. g5 Rd7 32. Ne3 h5 33. gxf6 Rf7 34. Ng2 Nxf6 35. Qxd6 Raf8 36. Nf4 Kh7 37. Ne6 1-0